000 00664nam a22002297a 4500
003 UA-OsUOA
001 99280
007 ta
008 20130426b un ||||| |||| 00| 0 ukr d
100 _aСименон Ж.
090 _a821.133.1
_bС37
942 _cBK
040 _aUA-OsUOA
_brus
_cUA-OsUOA
_dUA-OsUOA
245 _aМаньяк из Бержерака. Танцовщица "веселой мельницы". Суд присяжных
300 _a351 с.
955 _a3
041 _arus
080 _a821.133.1
260 _aМ.
_bДэм
_c1991
650 7 _a82 Література. Літературознавство
_2UDC
999 _c385391
_d385391